| 000 | 00577nam a2200193Ia 4500 | ||
|---|---|---|---|
| 003 | GCL | ||
| 008 | 140319s9999 xx 000 0 eng d | ||
| 040 |
_aGCL / _cGCL |
||
| 082 | 0 | 4 |
_a809.04 _bS O |
| 100 | 1 | _aSTURROCK, JOHN | |
| 245 | 1 | 0 |
_aTHE OXFORD GUIDE TO CONTEMPORARY WRITING / _cSTURROCK, JOHN |
| 260 |
_a[S.N] : _bOXFORD UNIVERSITY PRESS ، _c1996 |
||
| 300 | _a492 P | ||
| 650 | 0 | 4 | _aLITERATURE |
| 650 | 0 | 4 | _aLITERATURE, MODERN - 20TH CENTURY |
| 650 | 0 | 4 | _aLITERATURE - 20 TH CENTURY - CRITICIS |
| 650 | 0 | 4 | _aLITERATURE - 20 TH CENTURY - HISTORY |
| 942 |
_2ddc _cBK |
||
| 999 |
_c13995 _d13995 |
||